000 00394nam a22001337a 4500
008 140121b xxu||||| |||| 00| 0 eng d
050 _aSPC CT783.M379G782
100 _aGray, Sue et al...
_96832
245 _aAntony Martin
_ba celebration of his life
_c Sue Gray
260 _aLondon
_bPrivate
_c1997
300 _aix; 181p.;
_c22cm
600 _aMartin, Antony
_96833
942 _2lcc
_cMONOGRAPH
999 _c119619
_d119619